[Event "World-chT Rapid"]
[Site "Duesseldorf"]
[Date "2023.08.28"]
[Round "12"]
[White "Meffert, Claudia"]
[Black "Shynkar, Daria"]
[Result "1/2-1/2"]
[WhiteElo "1733"]
[BlackElo "1318"]
[PlyCount "60"]
[EventDate "2023.08.26"]
[EventType "team-swiss (rapid)"]
[EventRounds "12"]
[EventCountry "GER"]
[SourceTitle "CBM 215 Extra"]
[Source "ChessBase"]
[SourceDate "2023.09.30"]
[SourceVersion "1"]
[SourceVersionDate "2023.09.30"]
[SourceQuality "1"]
[WhiteTeam "Magdeburg and Friends"]
[BlackTeam "Chess Wizzards"]
[WhiteTeamCountry "GER"]
[BlackTeamCountry "UKR"]

1. d4 Nf6 2. c4 e6 3. Nc3 Bb4 4. Bg5 0-0 5. Nf3 d5 6. e3 Nbd7 7. Rc1 h6 8. Bh4 b6 9. cxd5 exd5 10. Bd3 Bb7 11. 0-0 Rc8 12. Qb3 Bxc3 13. Rxc3 c5 14. Qa4 Bc6 15. Bb5 Bxb5 16. Qxb5 cxd4 17. Nxd4 Rxc3 18. bxc3 Qc7 19. Rc1 Rc8 20. Qd3 Nc5 21. Qd1 Ncd7 22. Nb5 Qc5 23. Qb3 a6 24. Nd4 b5 25. Ne2 Ne4 26. Rd1 Nxc3 27. Nxc3 Qxc3 28. Qxd5 Nf6 29. Qd4 Qxd4 30. exd4 Nd5 1/2-1/2